| 000 | 00572nam a2200205Ia 4500 | ||
|---|---|---|---|
| 005 | 20250923150008.0 | ||
| 008 | 008 250917s9999 xx 000 0 eng d | ||
| 037 | _aTextual | ||
| 040 |
_aDSWL _beng _cDSWL |
||
| 041 |
_aeng _2eng |
||
| 084 |
_aYX;6-L8x, N98 _qDSWL |
||
| 100 |
_aDavies, Richard _9841101 |
||
| 245 | 0 |
_aStress in Social Work _c by Richard Davies |
|
| 260 |
_aLondon _b J. Kingsly Publishers _c1998 |
||
| 300 | _a201 p. | ||
| 365 |
_aINR _b1225.48 |
||
| 925 | _g1225.48 | ||
| 942 |
_cTEXL _hYX;6-L8x, N98 |
||
| 999 |
_c1458283 _d1458283 |
||